Normal view MARC view
  • BIBLIOTECAS -

Entry Materia

Number of records used in: 5

001 - NÚMERO DE CONTROL DEL REGISTRO

  • campo de control: 8949

003 - IDENTIFICADOR DE NUMERO DE CONTROL

  • campo de control: UPN

005 - FECHA Y HORA DE LA ÚLTIMA TRANSACCIÓN

  • campo de control: 20210219193731.0

008 - DATOS DE LONGITUD FIJA

  • campo de control de longitud fija: nabaccnnaabn|||||||||| b |nc|||||d

035 ## - NÚMERO DE CONTROL DEL SISTEMA

  • Número de control del sistema: UPN10000008955

040 ## - FUENTE DE LA CATALOGACIÓN

  • Lengua de catalogación: SPA
  • Agencia de transcripción: UPN

150 ## - ENCABEZAMIENTO - TEMÁTICO

  • Término de materia o nombre geográfico como elemento inicial: BIBLIOTECAS -
  • Subdivisión de materia general: COLECCIONES ESPECIALES

670 ## - FUENTE EN LA QUE SE LOCALIZARON DATOS

  • Cita de la fuente: E

680 ## - NOTA GENERAL CON DESPLIEGUE PÚBLICO

  • Texto explicativo: Aquí se asientan las obras que tratan de la forma de estructurar las colecciones especiales en las bibliotecas. Las obras que describen las colecciones de la biblioteca como recursos de investigación en campos especiales se asientan bajo el encabezamiento:
  • Encabezamiento: RECURSOS BIBLIOTECARIOS ; RECURSOS BIBLIOTECARIOS SOBRE CIENCIA - [ASIA SUDORIENTAL] ;
  • Texto explicativo: etc. Subdivídase por materia o forma. Ej.:
  • Encabezamiento: BIBLIOTECAS - COLECCIONES ESPECIALES - LITERATURA CHINA ; BIBLIOTECAS - COLECCIONES ESPECIALES - DIAPOSITIVAS

902 ## - CATALOGADOR

  • Catalogador: MEEG/150197